[Event "ch-FRA"]
[Site "Val d'Isere"]
[Date "2004.08.22"]
[Round "7"]
[White "Maze, Sebastien"]
[Black "Vaisser, Anatoli"]
[Result "1/2-1/2"]
[WhiteElo "2497"]
[BlackElo "2580"]
[PlyCount "86"]
[EventDate "2004.08.16"]
[Source "Roberto Alvarez"]
[SourceDate "2004.09.06"]

1. e4 e6 2. b3 d5 3. Bb2 Nf6 4. e5 Nfd7 5. Qg4 c5 6. f4 Nc6 7. Nf3 a6 8. Be2 b5 9. O-O g6 10. d3 Bg7 11. Nbd2 Ne7 12. Rfe1 f5 13. Qh4 Nc6 14. Qxd8+ Kxd8 15. c4 bxc4 16. bxc4 d4 17. Ng5 Ke7 18. Bf3 Bb7 19. Ba3 Na5 20. Bxb7 Nxb7 21. Rab1 Na5 22. Ngf3 Bh6 23. g3 Kf7 24. Nb3 Nxb3 25. Rxb3 Rhb8 26. Reb1 Rxb3 27. Rxb3 Ra7 28. h4 Rc7 29. Kf2 Ke8 30. Rb1 Rc6 31. Ke2 Bf8 32. h5 gxh5 33. Rh1 Rb6 34. Kd2 Kf7 35. Rxh5 h6 36. Rh1 Kg6 37. Kc2 Rb8 38. Nd2 Rb7 39. Nb3 Rb6 40. Na5 Be7 41. Nb3 Bf8 42. Na5 Be7 43. Nb3 Bf8 1/2-1/2

[Event "Panormo 82/242"]
[Site "?"]
[Date "2001.??.??"]
[Round "?"]
[White "Gelashvili, T."]
[Black "Socko, B."]
[Result "0-1"]
[WhiteElo "2506"]
[BlackElo "2559"]
[PlyCount "68"]
[EventDate "2001.??.??"]
[Source "Chess Informant"]
[SourceDate "2001.06.01"]

1. e4 e6 2. b3 d5 3. Bb2 dxe4 4. Nc3 Nf6 5. g4 Bd7 6. Bg2 Bc6 7. Qe2 h5 8. g5 Nd5 9. Nh3 Nxc3 10. Bxc3 Qd5 11. g6 fxg6 12. Qe3 Qf5 13. Ng5 Bc5 14. Nxe6 Qxe6 15. Qxc5 Nd7 16. Qg5 Qf5 17. Qg3 h4 18. Qe3 h3 19. Bf1 Nf6 20. Rg1 Nd5 21. Qd4 O-O-O 22. Qxg7 e3 23. fxe3 Nxe3 24. dxe3 Rhf8 25. Bxh3 Qxh3 26. Bd4 Qxh2 27. O-O-O Be4 28. Kb2 Rf2 29. Ka1 Rxc2 30. Bb2 Rcd2 31. Rc1 Rxb2 32. Qxb2 Rd2 33. Rxc7+ Kxc7 34. Qg7+ Kb6 0-1

[Event "Nagykanizsa 1st"]
[Site "Nagykanizsa"]
[Date "2003.11.08"]
[Round "4"]
[White "Varga, Zoltan"]
[Black "Farago, Ivan"]
[Result "1/2-1/2"]
[WhiteElo "2558"]
[BlackElo "2485"]
[PlyCount "39"]
[EventDate "2003.11.05"]
[Source "ChessBase"]
[SourceDate "2004.03.30"]

1. e4 e6 2. b3 d5 3. Bb2 dxe4 4. Nc3 Nf6 5. g4 h6 6. Bg2 Bd7 7. Nxe4 Nxe4 8. Bxe4 Bc6 9. Qe2 Bxe4 10. Qxe4 Qd5 11. Qxd5 exd5 12. Ne2 Nc6 13. Nf4 O-O-O 14. O-O-O d4 15. Rde1 Bd6 16. Nd3 h5 17. g5 Rhe8 18. f4 g6 19. Kd1 Kd7 20. h3 1/2-1/2

[Event "Cappelle op"]
[Site "Cappelle la Grande"]
[Date "1998.??.??"]
[Round "7"]
[White "Papaioannou, Ioannis"]
[Black "Gleizerov, Evgeny"]
[Result "1/2-1/2"]
[WhiteElo "2490"]
[BlackElo "2545"]
[PlyCount "43"]
[EventDate "1998.02.21"]
[Source "ChessBase"]
[SourceDate "1998.04.29"]

1. e4 e6 2. b3 d5 3. Bb2 dxe4 4. Nc3 Nf6 5. g4 h6 6. Bg2 Bd7 7. Qe2 Bc6 8. O-O-O Bc5 9. Nxe4 Bd4 10. c3 Nxe4 11. Bxe4 Bf6 12. Nf3 Qd6 13. Qe3 Bxe4 14. Qxe4 Nc6 15. d4 O-O-O 16. c4 g6 17. Kb1 Rhe8 18. b4 Bg7 19. Rhg1 Qf8 20. Qe3 Qh8 21. h4 g5 22. a3 1/2-1/2

[Event "Rakovica"]
[Site "Belgrade"]
[Date "1982.??.??"]
[Round "?"]
[White "Ivanovic, Bozidar"]
[Black "Farago, Ivan"]
[Result "1-0"]
[WhiteElo "2510"]
[BlackElo "2490"]
[PlyCount "77"]
[EventDate "1982.09.??"]
[Source "ChessBase"]

1. e4 e6 2. b3 d5 3. Bb2 c5 4. Bb5+ Bd7 5. Bxd7+ Qxd7 6. exd5 Qxd5 7. Nf3 Qe4+ 8. Kf1 Nd7 9. d3 Qc6 10. Nbd2 Ngf6 11. Qe2 Bd6 12. c4 O-O 13. Ne4 Nxe4 14. dxe4 f6 15. Rd1 Rad8 16. h4 Ne5 17. h5 Bc7 18. Rxd8 Rxd8 19. Bxe5 Bxe5 20. Nxe5 fxe5 21. h6 Qd6 22. Rh3 g6 23. Rg3 Kf7 24. Rg5 Kf6 25. f4 Qd4 26. Rxe5 Qa1+ 27. Kf2 Qc3 28. Qg4 Rd6 29. Kg1 b6 30. Kh2 Kf7 31. Rg5 Rd4 32. Rd5 exd5 33. Qd7+ Kf8 34. Qd8+ Kf7 35. Qd7+ Kf8 36. Qg7+ Ke8 37. Qg8+ Kd7 38. Qxh7+ Kd6 39. Qxg6+ 1-0

[Event "Parcetic Memorial 5th"]
[Site "Sombor"]
[Date "1972.??.??"]
[Round "1"]
[White "Velimirovic, Dragoljub"]
[Black "Timman, Jan H"]
[Result "1-0"]
[WhiteElo "2500"]
[BlackElo "2480"]
[PlyCount "119"]
[EventDate "1972.11.25"]
[Source "www.chesslib.no"]
[SourceDate "2004.05.04"]

1. e4 e6 2. b3 d5 3. Bb2 dxe4 4. Nc3 Nf6 5. Qe2 Nc6 6. Nxe4 Nxe4 7. Qxe4 Qd5 8. Qxd5 exd5 9. O-O-O f6 10. Ne2 Bf5 11. g3 Bd6 12. Bg2 Ne7 13. Nd4 Bd7 14. Rde1 Kf7 15. Re2 c5 16. Ba3 Rac8 17. Rhe1 b5 18. Ne6 b4 19. Bb2 Rhe8 20. Bh3 Bb5 21. d3 Rb8 22. a4 Bc6 23. d4 c4 24. Kb1 Ng6 25. f4 Nf8 26. Nc5 Rxe2 27. Rxe2 Bxc5 28. dxc5 c3 29. Bc1 d4 30. Re1 g6 31. Bf1 Rd8 32. f5 gxf5 33. Bf4 Ng6 34. Bc4+ Bd5 35. Bc7 Rd7 36. c6 Rxc7 37. Bxd5+ Kg7 38. Rd1 Ne7 39. Rxd4 Nxd5 40. Rxd5 Rxc6 41. Rd7+ Kg6 42. Rxa7 Rd6 43. Rb7 Rd4 44. a5 Rd1+ 45. Ka2 Rd5 46. Rxb4 Rxa5+ 47. Ra4 Rd5 48. Rc4 f4 49. gxf4 Ra5+ 50. Ra4 Rh5 51. b4 Rxh2 52. Kb3 Rh1 53. Kxc3 h5 54. Kb2 h4 55. b5 h3 56. Ra3 Kf5 57. b6 h2 58. Rh3 Kg4 59. Rh8 Re1 60. b7 1-0

[Event "FRG Ch 12th"]
[Site "Oberursel"]
[Date "1972.??.??"]
[Round "?"]
[White "Schmid, Lothar M L"]
[Black "Gerusel, Mathias"]
[Result "0-1"]
[WhiteElo "2550"]
[BlackElo "2415"]
[PlyCount "94"]
[EventDate "1972.05.20"]
[Source "www.chesslib.no"]
[SourceDate "2004.05.04"]

1. e4 e6 2. b3 c5 3. Ne2 Nf6 4. e5 Ng4 5. d4 cxd4 6. Qxd4 h5 7. h3 Nc6 8. Qd2 Ngxe5 9. Bb2 d5 10. Nd4 Bd7 11. Nxc6 Nxc6 12. Be2 Bb4 13. c3 Be7 14. O-O Bf6 15. Na3 g6 16. c4 Bxb2 17. Qxb2 O-O 18. cxd5 exd5 19. Rfd1 Be6 20. Rd3 Qg5 21. Rg3 Qh4 22. Rd1 Rad8 23. Nc2 Bf5 24. Nd4 Be4 25. Kh2 Kh7 26. f3 Qf4 27. Qd2 Qxd2 28. Rxd2 Nxd4 29. Rxd4 Bb1 30. a3 Rfe8 31. Bd1 Re1 32. f4 Rc8 33. Rg5 Be4 34. f5 Kh6 35. h4 Bxf5 36. Bxh5 f6 37. Rxf5 gxf5 38. Bf3 Re5 39. Rb4 Rc3 40. Kg3 b6 41. Kf4 Kg6 42. Ra4 a5 43. Rd4 Rxb3 44. Bxd5 Rxa3 45. Bf3 Rb3 46. h5+ Kh6 47. Rd6 Rb4+ 0-1

[Event "EU-chT (Men)"]
[Site "Haifa"]
[Date "1989.??.??"]
[Round "4"]
[White "Makropoulos, Georgios"]
[Black "Brynell, Stellan"]
[Result "1/2-1/2"]
[WhiteElo "2455"]
[BlackElo "2485"]
[PlyCount "38"]
[EventDate "1989.11.??"]
[Source "ChessBase"]

1. e4 e6 2. b3 d5 3. Bb2 dxe4 4. Nc3 Nf6 5. Qe2 Bb4 6. O-O-O Qe7 7. Nxe4 Ba3 8. Nf3 Bd7 9. Ne5 a5 10. Nxf6+ gxf6 11. Nxd7 Nxd7 12. c3 c6 13. d4 a4 14. b4 Bxb2+ 15. Qxb2 b5 16. Bd3 Nb6 17. Qc2 Qd6 18. g3 O-O-O 19. Rhe1 Kc7 1/2-1/2

[Event "Lee Cup"]
[Site "Beijing"]
[Date "1996.??.??"]
[Round "5"]
[White "Yu Shaoteng"]
[Black "Ulibin, Mikhail"]
[Result "0-1"]
[WhiteElo "2385"]
[BlackElo "2550"]
[PlyCount "106"]
[EventDate "1996.08.??"]
[Source "ChessBase"]

1. e4 e6 2. b3 d5 3. Bb2 Nf6 4. exd5 exd5 5. Nf3 Be7 6. Be2 O-O 7. O-O Bg4 8. d4 Bd6 9. Nbd2 Nbd7 10. Ne5 Bxe2 11. Qxe2 Re8 12. Qb5 Rb8 13. Nxd7 Qxd7 14. Qxd7 Nxd7 15. Rfe1 Nf8 16. Nf3 f6 17. Rxe8 Rxe8 18. Re1 Ne6 19. Kf1 Kf7 20. Re2 g5 21. c3 b5 22. Bc1 Rb8 23. Be3 a5 24. Rc2 h5 25. g3 Ng7 26. Bc1 Nf5 27. Bb2 h4 28. Rc1 Rh8 29. Ne1 hxg3 30. hxg3 Rh2 31. Ba1 Bxg3 32. fxg3 Nxg3+ 33. Kg1 Rxa2 34. Rd1 Ne2+ 35. Kf1 Nf4 36. Rb1 g4 37. Bb2 g3 38. Ng2 Nd3 39. Bc1 a4 40. bxa4 bxa4 41. Be3 a3 42. Rb3 Nb2 43. Rb7 Nc4 44. Rxc7+ Ke6 45. Ra7 Kf5 46. Bh6 Rf2+ 47. Kg1 Rb2 48. Ne1 Rb1 49. Kf1 g2+ 50. Kxg2 Rxe1 51. Bf8 Re2+ 52. Kf1 Ra2 53. Ra6 Ne3+ 0-1

[Event "It (open)"]
[Site "Balaguer (Spain)"]
[Date "2007.07.17"]
[Round "2"]
[White "Gelashvili Tamaz (GEO)"]
[Black "Ramon Perez Jose (ESP)"]
[Result "1-0"]
[WhiteElo "2604"]
[BlackElo "2329"]
[PlyCount "103"]
[EventDate "2007.??.??"]
[Source "www.chesslib.no"]
[SourceDate "2004.05.04"]

1. e4 e6 2. b3 d5 3. Bb2 dxe4 4. Nc3 Nf6 5. Qe2 Nc6 6. Nxe4 Nxe4 7. Qxe4 Qd5 8. Qxd5 exd5 9. O-O-O f6 10. Ne2 Bf5 11. Ng3 Bg6 12. Re1+ Kd7 13. a3 Bc5 14. f4 Rae8 15. Be2 Bd4 16. Bf3 Bxb2+ 17. Kxb2 Ne7 18. Re2 c6 19. Rhe1 Kd8 20. Bh5 Nc8 21. f5 Rxe2 22. Rxe2 Be8 23. Rf2 Nd6 24. d3 Ke7 25. c4 Bxh5 26. Nxh5 Kf7 27. cxd5 cxd5 28. g4 Re8 29. Nf4 Re5 30. Rc2 Ne8 31. Rc5 Ke7 32. Kc3 Kd6 33. Rc8 Kd7 34. Rb8 Kc7 35. Ra8 a6 36. a4 Kd7 37. h4 h6 38. h5 Re3 39. Rb8 Nd6 40. Rg8 Ne8 41. Ne6 Rg3 42. Nxg7 d4+ 43. Kb4 Nd6 44. Ne6 Nxf5 45. Nc5+ Kc7 46. Ne4 Rg1 47. Nxf6 Nd6 48. Kc5 b6+ 49. Kd5 Nb7 50. Rg7+ Kc8 51. g5 Rf1 52. gxh6 1-0

[Event "Kavala op 11th"]
[Site "Kavala"]
[Date "2002.08.12"]
[Round "4"]
[White "Kapnisis, Spyridon"]
[Black "Berelovich, Aleksandar"]
[Result "1/2-1/2"]
[WhiteElo "2393"]
[BlackElo "2533"]
[PlyCount "103"]
[EventDate "2002.08.10"]
[Source "ChessBase"]
[SourceDate "2002.09.11"]

1. e4 e6 2. b3 d5 3. Bb2 dxe4 4. Nc3 Nf6 5. Qe2 Bb4 6. O-O-O Qe7 7. Kb1 Bxc3 8. dxc3 Bd7 9. g4 h6 10. Bg2 Nc6 11. Bxe4 Nxe4 12. Qxe4 O-O-O 13. Ne2 e5 14. Ng3 Be6 15. f3 Rxd1+ 16. Rxd1 Rd8 17. Qe2 f6 18. h3 Qf8 19. Rxd8+ Nxd8 20. Bc1 Bd5 21. Qd3 Bc6 22. h4 Ne6 23. Nh5 Qf7 24. Qf5 Qd7 25. a4 b6 26. Kb2 Kb7 27. Ng3 Qc8 28. Be3 Bd5 29. f4 Nf8 30. g5 hxg5 31. hxg5 Qe6 32. gxf6 gxf6 33. fxe5 Qxf5 34. Nxf5 fxe5 35. c4 Be6 36. Ng3 a6 37. Kc3 Nd7 38. Ne4 Bf5 39. Ng3 Bg6 40. Bg5 Kc6 41. Be7 Nc5 42. Bg5 Ne6 43. Be3 Kd6 44. Ne2 c5 45. Kd2 Bh7 46. Bh6 Bg6 47. Be3 Ng7 48. Ng3 Kc6 49. Bh6 Ne6 50. Ne2 Bh5 51. Ng3 Bg4 52. Nf1 1/2-1/2

[Event "Moscow RUS"]
[Site "?"]
[Date "1996.??.??"]
[Round "4"]
[White "Cherniaev Alexander"]
[Black "Nikolenko Oleg"]
[Result "1-0"]
[WhiteElo "2430"]
[BlackElo "2485"]
[PlyCount "96"]
[EventDate "1996.??.??"]
[Source "www.chesslib.no"]
[SourceDate "2004.05.04"]

1. e4 e6 2. b3 d5 3. Bb2 dxe4 4. Nc3 Nf6 5. Qe2 Nc6 6. Nxe4 Nd4 7. Qd3 c5 8. Nf3 Nxf3+ 9. Qxf3 Nxe4 10. Qxe4 Qd5 11. Qe3 Bd7 12. O-O-O Bc6 13. f3 O-O-O 14. Bc4 Qd7 15. d4 cxd4 16. Bxd4 Ba3+ 17. Kb1 a6 18. Be2 Qe7 19. Bxg7 Rxd1+ 20. Rxd1 Rd8 21. Bd3 Rd5 22. Be5 Qc5 23. Qxc5 Bxc5 24. Bf4 Bd6 25. Bxd6 Rxd6 26. c4 Rd8 27. Kc2 Rg8 28. Rd2 a5 29. Kc3 h5 30. h4 Kc7 31. a3 b6 32. Bb1 e5 33. Bf5 Rh8 34. b4 axb4+ 35. axb4 Ra8 36. b5 Be8 37. Kb4 Ra1 38. c5 Rh1 39. cxb6+ Kxb6 40. Rd6+ Kc7 41. Ra6 Rxh4+ 42. Kc5 Rd4 43. b6+ Kb8 44. Be4 Ra4 45. Rxa4 Bxa4 46. Kd6 f5 47. Bxf5 Kb7 48. Kc5 h4 1-0

[Event "Komercni Banka Open"]
[Site "?"]
[Date "1999.07.18"]
[Round "3"]
[White "Glienke Manfred"]
[Black "Totsky Leonid"]
[Result "1/2-1/2"]
[WhiteElo "2389"]
[BlackElo "2521"]
[PlyCount "99"]
[EventDate "1999.??.??"]
[Source "www.chesslib.no"]
[SourceDate "2004.05.04"]

1. e4 e6 2. b3 d5 3. Bb2 dxe4 4. Nc3 Nf6 5. Qe2 Bb4 6. O-O-O Qe7 7. Nxe4 Ba3 8. Nxf6+ Qxf6 9. d4 Bxb2+ 10. Kxb2 c5 11. Qe5 Qxe5 12. dxe5 Nc6 13. f4 Bd7 14. Nf3 Ne7 15. Bd3 Bc6 16. Ng5 h6 17. Ne4 Nd5 18. g3 Rd8 19. Rhe1 b6 20. Nd6+ Ke7 21. Be4 Ba8 22. Bxd5 Bxd5 23. Rd3 Rd7 24. a4 Rb8 25. Red1 Bc6 26. Kc3 f6 27. Nc4 Rxd3+ 28. Rxd3 Bd5 29. Rd2 Rd8 30. Ne3 fxe5 31. fxe5 Rd7 32. Rf2 Rd8 33. Rf4 Rf8 34. Rxf8 Kxf8 35. Nc4 Ke7 36. Nd6 Kd7 37. Kd3 Bf3 38. Nb5 a6 39. Nd6 Bh5 40. c4 Bg6+ 41. Kd2 Bh5 42. a5 bxa5 43. Kc3 Bf3 44. Kd3 Bc6 45. Ne4 Bxe4+ 46. Kxe4 Kc6 47. Kd3 Kb6 48. Kc3 Kb7 49. Kb2 a4 50. bxa4 1/2-1/2

[Event "Hilton Chess Festival"]
[Site "Basel"]
[Date "2004.01.03"]
[Round "5"]
[White "Souleidis, Georgios"]
[Black "Stojanovic, Mihajlo"]
[Result "0-1"]
[WhiteElo "2395"]
[BlackElo "2506"]
[PlyCount "74"]
[EventDate "2004.01.01"]
[Source "Roberto Alvarez"]
[SourceDate "2004.01.19"]

1. e4 e6 2. b3 d5 3. Bb2 Nf6 4. e5 Nfd7 5. Qg4 Nc6 6. f4 f5 7. Qg3 a5 8. a4 b6 9. Nf3 Nc5 10. d3 Qd7 11. Be2 Ba6 12. Na3 O-O-O 13. O-O-O Kb7 14. Qf2 Be7 15. Kb1 h6 16. h4 g6 17. Nd4 Nxd4 18. Qxd4 Ne4 19. dxe4 Bxe2 20. Rde1 Bc5 21. Qd2 Ba6 22. exf5 gxf5 23. c3 Bxa3 24. Bxa3 Rhg8 25. Qf2 Bd3+ 26. Ka2 c5 27. Rh3 c4 28. Kb2 Be4 29. Rg3 cxb3 30. h5 Qxa4 31. Rg6 Rxg6 32. hxg6 d4 33. cxd4 Rc8 34. g7 b5 35. Rxe4 b4 36. Re1 Qxa3+ 37. Kb1 Rc2 0-1

[Event "Orel"]
[Site "Orel"]
[Date "1994.??.??"]
[Round "?"]
[White "Totsky, Leonid"]
[Black "Legky, Nikolay A"]
[Result "1/2-1/2"]
[WhiteElo "2390"]
[BlackElo "2510"]
[PlyCount "69"]
[EventDate "1994.??.??"]
[Source "ChessBase"]

1. e4 e6 2. b3 d5 3. Bb2 dxe4 4. Nc3 Nf6 5. Qe2 Bb4 6. O-O-O Qe7 7. Nxe4 Ba3 8. Nxf6+ Qxf6 9. d4 Bxb2+ 10. Kxb2 c5 11. Qf3 cxd4 12. Qxf6 gxf6 13. Rxd4 Ke7 14. Nf3 Nc6 15. Rd2 e5 16. g3 Bg4 17. Bg2 Rad8 18. Rhd1 e4 19. Rxd8 Rxd8 20. Re1 Bxf3 21. Bxf3 f5 22. Bh1 Rd2 23. f3 Rxh2 24. fxe4 f4 25. gxf4 Nb4 26. Kc3 a5 27. Kc4 Rxc2+ 28. Kb5 Rxa2 29. e5 Nd3 30. Rf1 Rb2 31. Kc4 Nf2 32. Bxb7 h5 33. Bd5 Ng4 34. Rh1 Ne3+ 35. Kd4 1/2-1/2

[Event "XI Festival"]
[Site "Voronezh RUS"]
[Date "2007.06.12"]
[Round "1"]
[White "Bezgodov, A."]
[Black "Airapetian, G."]
[Result "1/2-1/2"]
[WhiteElo "2561"]
[BlackElo "2336"]
[PlyCount "36"]
[EventDate "2007.06.12"]
[Source "www.chesslib.no"]
[SourceDate "2004.05.04"]

1. e4 e6 2. b3 d5 3. exd5 exd5 4. Bb2 Nf6 5. Qe2+ Be6 6. Nh3 Bc5 7. Ng5 O-O 8. Nxe6 fxe6 9. Nc3 e5 10. Na4 Bd6 11. g3 Nbd7 12. Bg2 c6 13. O-O Qa5 14. c4 d4 15. Bxd4 exd4 16. Qe6+ Rf7 17. Qxd6 Qxd2 18. Qf4 Qb4 1/2-1/2

[Event "75th ch-GER"]
[Site "Hoeckendorf"]
[Date "2004.02.07"]
[Round "9"]
[White "Wisnewski, Christoph"]
[Black "Meister, Yakov"]
[Result "0-1"]
[WhiteElo "2409"]
[BlackElo "2488"]
[PlyCount "66"]
[EventDate "2004.01.30"]
[Source "Roberto Alvarez"]
[SourceDate "2004.02.09"]

1. e4 e6 2. b3 b6 3. Bb2 Bb7 4. Qe2 a5 5. a3 a4 6. b4 c5 7. b5 d6 8. f4 Nd7 9. Nf3 Ngf6 10. e5 dxe5 11. fxe5 Nd5 12. g3 h5 13. h4 Ne7 14. Bh3 g6 15. O-O Nf5 16. Bxf5 gxf5 17. d3 Bh6 18. Nbd2 Rg8 19. Kf2 Bd5 20. Rg1 Qc7 21. Nf1 Rd8 22. Re1 c4 23. Bd4 cxd3 24. cxd3 Bxf3 25. Qxf3 Nc5 26. Bxc5 Qxc5+ 27. Kg2 Qd5 28. Nh2 Qxf3+ 29. Nxf3 Rxd3 30. Rd1 Rxa3 31. Ra1 Rxa1 32. Rxa1 Rg4 33. Rd1 Be3 0-1

[Event "I Open internazionale"]
[Site "Gurgon IND"]
[Date "2009.01.25"]
[Round "6"]
[White "Shivananda, B."]
[Black "Gleizerov, E."]
[Result "1/2-1/2"]
[WhiteElo "2347"]
[BlackElo "2544"]
[PlyCount "26"]
[EventDate "2009.01.21"]
[Source "www.chesslib.no"]
[SourceDate "2004.05.04"]

1. e4 e6 2. b3 d5 3. Bb2 dxe4 4. Nc3 f5 5. f3 Bd6 6. Nh3 exf3 7. Qxf3 Nf6 8. O-O-O Nc6 9. d4 O-O 10. Bc4 Na5 11. Bd3 Nc6 12. Bc4 Na5 13. Bd3 Nc6 1/2-1/2

[Event "JUG-ch"]
[Site "Zagreb"]
[Date "1977.??.??"]
[Round "8"]
[White "Bjelajac, Milan"]
[Black "Marovic, Drazen"]
[Result "1/2-1/2"]
[WhiteElo "2410"]
[BlackElo "2475"]
[PlyCount "80"]
[EventDate "1977.02.??"]
[Source "ChessBase"]

1. e4 e6 2. b3 d5 3. Bb2 dxe4 4. Nc3 Nf6 5. Qe2 Bb4 6. O-O-O Qe7 7. Nxe4 Ba3 8. Nxf6+ gxf6 9. Qg4 Bxb2+ 10. Kxb2 Nd7 11. d4 f5 12. Qg3 Nf6 13. Nh3 Rg8 14. Qe5 c6 15. g3 a5 16. a4 b6 17. Bg2 Bb7 18. Rhe1 Ng4 19. Qf4 Rd8 20. Rd3 Kf8 21. Rd2 Qd6 22. Red1 h5 23. Qxd6+ Rxd6 24. Nf4 h4 25. h3 Nf6 26. gxh4 Rh8 27. h5 Nxh5 28. Nxh5 Rxh5 29. c4 f4 30. Kc3 f3 31. Bxf3 Rxh3 32. Rd3 Ke7 33. Bg2 Rh2 34. Rg3 Bc8 35. Rh1 Rxh1 36. Bxh1 Bd7 37. Rg5 f5 38. f4 c5 39. d5 exd5 40. Bxd5 Rh6 1/2-1/2

[Event "Kazan RUS"]
[Site "?"]
[Date "2006.06.01"]
[Round "1"]
[White "Sharafiev Azat"]
[Black "Gleizerov Evgeny"]
[Result "1/2-1/2"]
[WhiteElo "2320"]
[BlackElo "2562"]
[PlyCount "41"]
[EventDate "2006.??.??"]
[Source "www.chesslib.no"]
[SourceDate "2004.05.04"]

1. e4 e6 2. b3 d5 3. Bb2 Nf6 4. e5 Nfd7 5. d4 c5 6. Nf3 cxd4 7. Qxd4 Nc6 8. Qf4 Qc7 9. Nc3 a6 10. Qg3 d4 11. Ne4 Nb4 12. Nd6+ Bxd6 13. exd6 Qxc2 14. Qxg7 Qxb2 15. Qxh8+ Nf8 16. Bb5+ axb5 17. O-O Nc6 18. Rac1 Qa3 19. Nxd4 Qb2 20. Rfd1 Nxd4 21. Kh1 1/2-1/2

[Event "RUS Army-ch"]
[Site "RUS"]
[Date "1995.??.??"]
[Round "?"]
[White "Totsky, Leonid"]
[Black "Ivanov, Timur"]
[Result "1/2-1/2"]
[WhiteElo "2455"]
[BlackElo "2425"]
[PlyCount "152"]
[EventDate "1995.??.??"]
[Source "ChessBase"]

1. e4 e6 2. b3 d5 3. Bb2 Nf6 4. exd5 exd5 5. Qe2+ Qe7 6. Bxf6 gxf6 7. Qxe7+ Bxe7 8. Nc3 c6 9. g3 Be6 10. Nce2 Bc5 11. Nh3 h5 12. Nhf4 h4 13. d4 Bd6 14. Kd2 Na6 15. Ng2 hxg3 16. fxg3 Nc7 17. Nef4 Kd7 18. Bd3 Rag8 19. Raf1 Ne8 20. c3 Be7 21. Ne3 Bd6 22. Nf5 Bc7 23. Rf2 Kd8 24. Nh4 Rg5 25. Re1 Bd7 26. Kc2 Rg4 27. Nfg2 Rg5 28. Ref1 Bh3 29. Rh1 Bxg2 30. Nxg2 Bxg3 31. Re2 Rxh2 32. Rxh2 Bxh2 33. Nh4 Bd6 34. Nf5 Bf8 35. Rh2 Rg8 36. a4 Nc7 37. b4 Ne6 38. Kb3 Kd7 39. Bc2 Ng5 40. Ne3 Be7 41. Bf5+ Kd8 42. Rh4 Ne6 43. Kc2 Bd6 44. Rh7 Ng5 45. Rh4 a6 46. b5 axb5 47. axb5 Nf3 48. Rh3 Ng5 49. Rh4 Ne6 50. bxc6 bxc6 51. Rh7 Ng5 52. Rh4 Bg3 53. Rh1 Bf4 54. Ra1 Kc7 55. Ng4 Ne4 56. Ra7+ Kb6 57. Re7 Nd6 58. Nxf6 Rg2+ 59. Kb3 Nxf5 60. Rxf7 Nd6 61. Nxd5+ cxd5 62. Rxf4 Nc4 63. Rf8 Rb2+ 64. Ka4 Ra2+ 65. Kb3 Ra7 66. Kb4 Nd6 67. Rf6 Kc6 68. Rh6 Rb7+ 69. Ka4 Rb1 70. Rg6 Kd7 71. Rg8 Kc6 72. Rg6 Rb6 73. Rh6 Kd7 74. Rh5 Kc6 75. Rh1 Kc7 76. Rh7+ Kc6 1/2-1/2

[Event "Dortmund-B"]
[Site "Dortmund"]
[Date "1988.??.??"]
[Round "?"]
[White "Makropoulos, Georgios"]
[Black "Bukal, Vladimir Sr"]
[Result "1-0"]
[WhiteElo "2460"]
[BlackElo "2415"]
[PlyCount "78"]
[EventDate "1988.03.??"]
[Source "ChessBase"]

1. e4 e6 2. b3 d5 3. Bb2 Nf6 4. e5 Nfd7 5. d4 c5 6. Nf3 Nc6 7. dxc5 Bxc5 8. Bd3 Qa5+ 9. Qd2 Bb4 10. c3 Be7 11. Qe2 Qc7 12. c4 Nb4 13. Nbd2 Nxd3+ 14. Qxd3 Nc5 15. Qe3 O-O 16. O-O dxc4 17. Nxc4 b6 18. Rfd1 Bb7 19. Rac1 Bd5 20. Nd6 Qd7 21. b4 Na4 22. Ba1 Bxd6 23. exd6 f6 24. Rc7 Qxd6 25. Rxg7+ Kxg7 26. Qg5+ Kf7 27. Bxf6 Ke8 28. Qh5+ Kd7 29. Qh3 Kc8 30. Rc1+ Nc5 31. bxc5 Qc7 32. Qh6 Rxf6 33. Qxf6 bxc5 34. Qh8+ Kb7 35. Rb1+ Ka6 36. Qb2 Qa5 37. Ne5 Rg8 38. Qe2+ c4 39. Nxc4 Rxg2+ 1-0

[Event "RUS-Cup4"]
[Site "Perm"]
[Date "1997.02.14"]
[Round "7"]
[White "Totsky, Leonid"]
[Black "Zakharov, Alexander V"]
[Result "1-0"]
[WhiteElo "2495"]
[BlackElo "2375"]
[PlyCount "53"]
[EventDate "1997.02.02"]
[Source "ChessBase"]

1. e4 e6 2. b3 d5 3. Bb2 dxe4 4. Nc3 Nf6 5. Qe2 Bb4 6. O-O-O Bxc3 7. dxc3 Qe7 8. g4 h6 9. Bg2 e5 10. h3 Bd7 11. Qe3 Bc6 12. c4 Nbd7 13. Ne2 O-O 14. Nc3 Nc5 15. Rhg1 Rfd8 16. Rxd8+ Rxd8 17. Bh1 Ne6 18. Nxe4 Nd4 19. Ng3 Bxh1 20. Rxh1 Nc6 21. Nf5 Qe6 22. f4 e4 23. Nxg7 Kxg7 24. g5 Rd7 25. gxf6+ Kf8 26. f5 Qd6 27. c5 1-0

[Event "44th National A ch-IND"]
[Site "Atul IND"]
[Date "2006.12.19"]
[Round "2"]
[White "Parikh, V."]
[Black "Barua, D."]
[Result "0-1"]
[WhiteElo "2394"]
[BlackElo "2471"]
[PlyCount "100"]
[EventDate "2006.12.18"]
[Source "www.chesslib.no"]
[SourceDate "2004.05.04"]

1. e4 e6 2. b3 d5 3. Bb2 dxe4 4. Nc3 f5 5. f3 Bd6 6. g3 exf3 7. Nxf3 Nf6 8. Qe2 Nc6 9. O-O-O a6 10. d4 Qe7 11. Bg2 O-O 12. Ne5 Nb4 13. Rhe1 Nbd5 14. Nb1 Ne4 15. Bxe4 fxe4 16. Qxe4 Rf2 17. Re2 Qg5+ 18. Nd2 Rxe2 19. Qxe2 Bxe5 20. Qxe5 Qxe5 21. dxe5 Bd7 22. Ba3 Nc3 23. Re1 b6 24. Re3 Nb5 25. Rd3 Bc6 26. Bb4 a5 27. Be7 Kf7 28. Bd8 Ke8 29. Bh4 a4 30. c4 axb3 31. axb3 Na7 32. b4 h6 33. g4 b5 34. g5 hxg5 35. Bxg5 bxc4 36. Nxc4 Nb5 37. Kb2 Bd5 38. Na3 Ra4 39. Bd2 Na7 40. Rg3 Kf7 41. Rg4 Nc6 42. Bc3 Ne7 43. Nb5 c6 44. Nd6+ Kf8 45. Rf4+ Kg8 46. Kc2 c5 47. Rg4 Nc6 48. Ne8 cxb4 49. Rxg7+ Kf8 50. Bb2 Kxe8 0-1

[Event "First Saturday GM - Settembre 2008"]
[Site "Budapest UNG"]
[Date "2008.09.14"]
[Round "9"]
[White "Grafl, Florian"]
[Black "Berczes, David"]
[Result "1/2-1/2"]
[WhiteElo "2404"]
[BlackElo "2458"]
[PlyCount "82"]
[EventDate "2008.09.06"]
[Source "www.chesslib.no"]
[SourceDate "2004.05.04"]

1. e4 e6 2. b3 d5 3. Bb2 Nf6 4. e5 Nfd7 5. d4 c5 6. c3 Nc6 7. f4 Qa5 8. Nd2 cxd4 9. cxd4 Ba3 10. Qc2 Nf8 11. Ngf3 Ng6 12. g3 Nge7 13. Bxa3 Qxa3 14. Qc3 Bd7 15. Nb1 Qb4 16. Qxb4 Nxb4 17. Kd2 Rc8 18. Nc3 Nf5 19. Bh3 O-O 20. Rhc1 Ne7 21. a3 Nbc6 22. b4 f6 23. exf6 gxf6 24. Re1 Nd8 25. Re3 Rc6 26. Rae1 Rd6 27. Nd1 Nc8 28. Nb2 Nb6 29. f5 e5 30. dxe5 fxe5 31. Nxe5 Bxf5 32. Bxf5 Rxf5 33. Nf3 Nc6 34. Rd3 Rdf6 35. Nh4 Rf2+ 36. Re2 Ne5 37. Rd4 Nbc4+ 38. Nxc4 Nxc4+ 39. Kd3 Nb2+ 40. Kd2 Nc4+ 41. Kd3 Nb2+ 1/2-1/2

[Event "KB Czech Open"]
[Site "?"]
[Date "2000.07.29"]
[Round "9"]
[White "Glienke Manfred"]
[Black "Shtyrenkov Veniamen"]
[Result "1/2-1/2"]
[WhiteElo "2348"]
[BlackElo "2511"]
[PlyCount "132"]
[EventDate "2000.??.??"]
[Source "www.chesslib.no"]
[SourceDate "2004.05.04"]

1. e4 e6 2. b3 d5 3. Bb2 Nf6 4. e5 Nfd7 5. Qg4 c5 6. f4 Nc6 7. Nf3 a6 8. Be2 f5 9. Qh3 Be7 10. g4 Nf8 11. Rg1 g6 12. d3 b5 13. c3 b4 14. c4 d4 15. Nbd2 Bb7 16. Kd1 a5 17. Kc2 a4 18. Qh6 Rg8 19. h4 Qd7 20. Ng5 Nd8 21. h5 a3 22. Bc1 Bxg5 23. Qxg5 Nf7 24. Qh4 Qe7 25. Qh2 O-O-O 26. Nf3 Nh6 27. Ng5 Nxg4 28. Bxg4 fxg4 29. h6 Bf3 30. Bd2 Re8 31. Raf1 Ba8 32. Rxg4 Nd7 33. Be1 Nb8 34. Bh4 Qd7 35. Rfg1 Ref8 36. Nh3 Rf5 37. Bf6 Rh5 38. Bg7 Nc6 39. Rg5 Rh4 40. Qg3 Rxh3 41. Qxh3 Nd8 42. R5g3 Nf7 43. Qh4 Re8 44. Bf6 Bb7 45. Re1 Kc7 46. Bg7 Nd8 47. Qf6 Re7 48. Qf8 Qe8 49. Kd2 Bc8 50. Qf6 Qf7 51. Qh4 Rd7 52. Re2 Nc6 53. Bf6 Ne7 54. Bxe7 Qxe7 55. Rh2 Qxh4 56. Rxh4 Rd8 57. Ke2 Rh8 58. Rhg4 Kd8 59. Rg1 Ke7 60. Kf3 Bd7 61. Rg5 Kf7 62. Re1 Bc6+ 63. Kf2 Bd7 64. Re2 Rc8 65. Kg3 Ke7 66. Re1 Kf7 1/2-1/2